000 00337nam a22001457a 4500
008 210602b ||||| |||| 00| 0 eng d
020 _a0927364050
041 _aeng
080 _22nd
_a33
082 _a33
100 _a58
101 _aBIZ
245 _aInformation Tools for Industry
_cSouthren Technology Council
942 _2udc
_cBK
999 _c57883
_d57883